| 000 | 00616nam a2200217Ia 4500 | ||
|---|---|---|---|
| 003 | OSt | ||
| 005 | 20260312154539.0 | ||
| 008 | 210210b1951 xxu||||| |||| 00| 0 eng d | ||
| 040 | _cAL | ||
| 041 | _aHindi | ||
| 082 | _a864/164 | ||
| 100 |
_aVARMA (Ramakumar) _dवर्मा (रामकुमार) _9258651 |
||
| 245 |
_aKabir ka rahasyavad _b कबीर का रहस्यवाद |
||
| 260 |
_aAllahabad _bSahitya Bhavan _c1951 |
||
| 650 |
_arahasyavad _9258652 |
||
| 650 |
_aKabir _9258653 |
||
| 650 |
_aka _9258654 |
||
| 690 |
_aHindi Criticism _9258655 |
||
| 906 | _a023700 | ||
| 942 |
_2ddc _cBK |
||
| 999 |
_c148665 _d148665 |
||